Puella /

Bibliographic Details
Main Author: Dickey, James
Format: Book
Language:English
Published: Garden City, N.Y. : Doubleday, 1982.
Edition:1st ed.

MARC

Tag First Indicator Second Indicator Subfields
LEADER 00000pam a2200000 a 4500
001 in00000089734
005 20151008065516.0
008 820111s1982 nyu 00010 eng
010 |a  81047858  
020 |a 0385177631 :  |c $10.95 
035 |a (OCoLC)08132433 
035 |9 AAK6075AM 
039 0 |a 2  |b 3  |c 3  |d 3  |e 3 
040 |a DLC  |c DLC  |d TXA  |d UtOrBLW 
049 |a TXAM  |c [1387616] 
050 0 0 |a PS3554.I32  |b P8 1982 
082 0 |a 811/.54  |2 19 
100 1 |a Dickey, James. 
245 1 0 |a Puella /  |c James Dickey. 
250 |a 1st ed. 
264 1 |a Garden City, N.Y. :  |b Doubleday,  |c 1982. 
300 |a 48 pages ;  |c 22 cm. 
336 |a text  |b txt  |2 rdacontent 
337 |a unmediated  |b n  |2 rdamedia 
338 |a volume  |b nc  |2 rdacarrier 
999 |a MARS 
999 f f |s 1cd711f7-a4b0-347e-bbfd-fd40ddb6e6e3  |i b1d46d54-9f16-37dc-86ea-496a8b054f40  |t 0 
952 f f |p ric  |a Texas A&M University  |b Rellis Campus  |c Joint Library Facility  |d Remote Storage  |t 0  |e PS3554.I32 P8 1982  |h Library of Congress classification  |i unmediated -- volume  |m A14806192145 
998 f f |a PS3554.I32 P8 1982  |t 0  |l Remote Storage